Gamma-lazery /
Uložené v:
| Hlavní autori: | , |
|---|---|
| Médium: | Kniha |
| Jazyk: | Russian |
| Vydavateľské údaje: |
Moskva :
Izdateľstvo Moskovskogo universiteta,
1989
|
| Predmet: | |
| Tagy: |
Žiadne tagy, Buďte prvý, kto otaguje tento záznam!
|
MARC
| LEADER | 00000nam a22000003a 4500 | ||
|---|---|---|---|
| 001 | stu44232 | ||
| 005 | 20150617225718.6 | ||
| 008 | 950207s1989----xxr-----------------rus-d | ||
| 040 | |a STU |b slo | ||
| 041 | 0 | |a rus | |
| 044 | |a xxr | ||
| 080 | |a 621.375.826 |7 stu_us_auth*stu9916 | ||
| 100 | 1 | |a Vysockij, Vladimir I |4 aut | |
| 245 | 1 | |a Gamma-lazery / |c [aut.]Vladimir I. Vysockij, Runar N. Kuzmin | |
| 260 | |a Moskva : |b Izdateľstvo Moskovskogo universiteta, |c 1989 | ||
| 300 | |a 174 s | ||
| 650 | 7 | |a Lasery gama |2 stusub | |
| 700 | 1 | |a Kuzmin, Runar N |4 aut | |
| 996 | |b 284M062568 |c M*7604-1 |l MMKN |s A |a 24 |w stu44232_0001 | ||